00682nam a2200241 a 4500001001300000003000900013005001700022008004100039020001000080082001700090100002500107245002300132260004300155300000900198500003500207505001000242650001300252700002500265902000800290942000700298952011800305999001700423nice12345678IN_TiNIC20260116013916.0050524s1932 lona grp 000 0 eng  ac10000a266.023bBRO aBrown, Authur Judson aForeign Missionary aLondonbFleming H Revell Compantc1932 a412p aincludes index and biblioraphy2 aIndex aMissions1 aBrown, Authur Judson bSRS cBK 001040708StackRoom-aHMIbHMId2007-07-12g100.00l0o266.023 BROp016371r2007-07-12v100.00w2005-05-24yBK c13063d13063